Normal view MARC view

Entry Personal Name

Number of records used in: 1

001 - CONTROL NUMBER

  • control field: 9046

003 - CONTROL NUMBER IDENTIFIER

  • control field: DLC

005 - DATE AND TIME OF LATEST TRANSACTION

  • control field: 20220723111725.0

008 - FIXED-LENGTH DATA ELEMENTS

  • fixed length control field: 080109n| azannaabn |n aaa

010 ## - LIBRARY OF CONGRESS CONTROL NUMBER

  • LC control number: n 2008001883

035 ## - SYSTEM CONTROL NUMBER

  • System control number: (OCoLC)oca07624787

040 ## - CATALOGING SOURCE

  • Original cataloging agency: DLC
  • Language of cataloging: eng
  • Description conventions: rda
  • Transcribing agency: DLC
  • Modifying agency: NjBlaOCU
  • Modifying agency: DNLM

046 ## - SPECIAL CODED DATES

  • Birth date: 19730830
  • Source of information: ECIP data view, Suicide, 2012

100 1# - HEADING--PERSONAL NAME

  • Personal name: Nock, Matthew

378 ## - FULLER FORM OF PERSONAL NAME

  • Fuller form of personal name: Matthew K.

670 ## - SOURCE DATA FOUND

  • Source citation: Single case experimental designs, c2009:
  • Information found: ECIP t.p. (Matthew Nock, Harvard University)

670 ## - SOURCE DATA FOUND

  • Source citation: Understanding nonsuicidal self-injury, 2009:
  • Information found: E-CIP t.p. (Matthew K. Nock)

Powered by Koha